Function point analysis : Measurement practices for successful software projects
Introduces the latest guidelines released in the International Function Point Users Group Counting Practices Manual 4.1. Fully explains the calculations and mechanics behind function point analysis as well as its most common uses. Also offers experience-based techniques for applying the methodology.
Wedi'i Gadw mewn:
| Prif Awdur: | |
|---|---|
| Fformat: | Llyfr |
| Iaith: | Undetermined |
| Cyhoeddwyd: |
Boston
Addison-Wesley
2001
|
| Pynciau: | |
| Tagiau: |
Ychwanegu Tag
Dim Tagiau, Byddwch y cyntaf i dagio'r cofnod hwn!
|
| Thư viện lưu trữ: | Trung tâm Học liệu Trường Đại học Cần Thơ |
|---|
| LEADER | 00995nam a2200229Ia 4500 | ||
|---|---|---|---|
| 001 | CTU_153263 | ||
| 008 | 210402s9999 xx 000 0 und d | ||
| 020 | |c 30.14 | ||
| 082 | |a 005.14 | ||
| 082 | |b G233 | ||
| 100 | |a Garmus, David | ||
| 245 | 0 | |a Function point analysis : | |
| 245 | 0 | |b Measurement practices for successful software projects | |
| 245 | 0 | |c David Garmus, David Herron | |
| 260 | |a Boston | ||
| 260 | |b Addison-Wesley | ||
| 260 | |c 2001 | ||
| 520 | |a Introduces the latest guidelines released in the International Function Point Users Group Counting Practices Manual 4.1. Fully explains the calculations and mechanics behind function point analysis as well as its most common uses. Also offers experience-based techniques for applying the methodology. | ||
| 650 | |a Computer software,Function point analysis,Phần mềm máy tính | ||
| 650 | |x Development,Phát triển | ||
| 904 | |i Trọng Hiếu | ||
| 980 | |a Trung tâm Học liệu Trường Đại học Cần Thơ | ||